000 02103cam a2200397 4500
001 E131193
008 #DATE n2005 000 0 eng u
020 _a1904388388
035 _a(Sirsi) u131193
041 _aeng
050 _a333.33
_c18
100 _aLegrand, Christopher
245 _aChanging the homebuying process - home information packs and home condition reports
_ba CPD study pack
260 _aReading
_bCollege of Estate Management
_c2005
350 _a36.00
490 _aCollege of Estate Management CPD Study Pack
520 _aThe Housing Act 2004 became law on the 18th November. It introduces the most significant changes in the home buying process in the UK since the Law Property Act 1925. This study paper deals mainly with the Home Condition Report which forms part of the planned Home Information Pack. The paper deals with all the standards required to be a Home Inspector, requirements for energy efficiency, electronic reporting and inspection standards as well as the planned programme for the introduction of Home Condition Reports. [CEM].
520 _aNo audio material accompanies this item.
520 _aSuperseded by 2006 edition (ISBN 9781904388630). Supersedes 2003 edition (ISBN 1904388159).
520 _aSuperseded by 2006 edition (ISBN ). Supersedes 2003 edition (ISBN 1904388159).
650 _aHOME CONDITION REPORTS
650 _aHOME INFORMATION PACKS
650 _aPROPERTY-RESIDENTIAL PROPERTY-ACQUISITION AND DISPOSAL OF RESIDENTIAL PROPERTY
650 _aPROPERTY-RESIDENTIAL PROPERTY-ACQUISITION AND DISPOSAL OF RESIDENTIAL PROPERTY
650 _aHOUSING ACT 2004 PART V
690 _aPROPERTY-RESIDENTIAL PROPERTY-RESIDENTIAL PROPERTY MARKET
700 _aLand, Howard
700 _aCreffield, Paul
700 _aDunsmore-Hardy, Hugh
700 _aWoodward, David
710 _aCollege of Estate Management
_9400
710 _aRoyal Institution of Chartered Surveyors
_94900
710 _aSurveyors and Valuers Accreditation
_94232
710 _aUnited Kingdom
_bOffice of the Deputy Prime Minister
942 _n0
999 _c104675
_d104675